[Event "IV Weekend 64 Caselle"]
[Site "Genova ITA"]
[Date "2000.11.26"]
[Round "3"]
[White "Mollero, Michele"]
[Black "Carzolio, Luigi"]
[Result "1-0"]
[WhiteElo "2101"]
[BlackElo "1814"]
[PlyCount "103"]
[EventDate "2000.11.25"]

1. e4 e6 2. d4 a6 3. Nf3 b5 4. g3 Bb7 5. Qe2 Nf6 6. Nbd2 c5 7. c3 cxd4 8. Nxd4
Nc6 9. Bg2 Rc8 10. O-O Qb6 11. N2b3 Ne5 12. Bg5 Be7 13. Rad1 h6 14. Bc1 O-O 15.
h3 Rfd8 16. Be3 Qc7 17. Bf4 d6 18. Bxe5 dxe5 19. Nc2 Rxd1 20. Rxd1 Rd8 21. Rd3
Kf8 22. Nd2 Rxd3 23. Qxd3 Qd8 24. Ne1 Qxd3 25. Nxd3 Nd7 26. Kf1 Bd8 27. Ke2 Bb6
28. c4 f6 29. b4 bxc4 30. Nxc4 Bd4 31. Na5 Ba8 32. f3 Ke7 33. Ne1 Nb8 34. Bf1
Nc6 35. Nxc6+ Bxc6 36. Kd1 Bb5 37. Bxb5 axb5 38. Nd3 Kd6 39. Kc2 Kc6 40. Kb3
Be3 41. a4 bxa4+ 42. Kxa4 Kb6 43. Nb2 Bd4 44. Nc4+ Kc7 45. Kb5 h5 46. Ka6 g5
47. g4 h4 48. b5 f5 49. b6+ Bxb6 50. Nxb6 fxg4 51. fxg4 Kc6 52. Na4 1-0

[Event "IV Weekend 64 Caselle"]
[Site "Genova ITA"]
[Date "2000.12.02"]
[Round "4"]
[White "Lettich, Sergio"]
[Black "Massa, Giovanni"]
[Result "0-1"]
[WhiteElo "2078"]
[BlackElo "2132"]
[PlyCount "103"]
[EventDate "2000.11.25"]

1. d4 d5 2. c4 e6 3. Nc3 c5 4. e3 Nf6 5. Nf3 Nc6 6. Be2 Bd6 7. O-O O-O 8. b3 b6
9. Bb2 Bb7 10. Rc1 Rc8 11. cxd5 exd5 12. h3 Re8 13. dxc5 Bxc5 14. Nb5 Ne4 15.
Nbd4 Nxd4 16. Nxd4 Qg5 17. Nf3 Qh6 18. Qd3 Rcd8 19. Bd4 Bd6 20. Nh2 Bc8 21. f4
Ng3 22. Rfe1 Bb4 23. Bc3 Bxc3 24. Rxc3 d4 25. exd4 Ne4 26. Rcc1 Qxf4 27. Nf3
Qg3 28. Bf1 Nf2 29. Rxe8+ Rxe8 30. Qe3 Nxh3+ 31. Kh1 Bd7 32. Qc3 Bg4 33. Qc7
Qf2 34. Qc2 Bxf3 35. Qxf2 Nxf2+ 36. Kg1 Bxg2 37. Bxg2 Ng4 38. Rc7 Re1+ 39. Bf1
g6 40. Kg2 Ra1 41. Bc4 Rxa2+ 42. Kf3 Nh6 43. d5 Rd2 44. Ke3 Rd1 45. Ke2 Rd4 46.
Rb7 Nf5 47. Kf2 a5 48. Rxb6 a4 49. Ra6 axb3 50. Bxb3 Kg7 51. Rb6 h5 52. Kf3 0-1

[Event "IV Weekend 64 Caselle"]
[Site "Genova ITA"]
[Date "2000.12.03"]
[Round "6"]
[White "Berni, Mauro"]
[Black "Strazzeri, Marco"]
[Result "1/2-1/2"]
[WhiteElo "2058"]
[BlackElo "1756"]
[PlyCount "69"]
[EventDate "2000.11.25"]

1. c4 Nf6 2. Nc3 g6 3. g3 Bg7 4. Bg2 O-O 5. Nf3 d6 6. O-O c5 7. d3 Nc6 8. Bd2
Bd7 9. a3 Nd4 10. Rb1 Bc6 11. e3 Nxf3+ 12. Bxf3 Nd7 13. b4 Bxf3 14. Qxf3 b6 15.
Qe2 e6 16. e4 Ne5 17. Rbc1 Nc6 18. b5 Nd4 19. Qd1 Qd7 20. Be3 f5 21. f3 Be5 22.
Kg2 Qg7 23. a4 Nxf3 24. Qxf3 Bxc3 25. exf5 exf5 26. Qd5+ Kh8 27. Bf4 Be5 28.
Rce1 Rfe8 29. Bg5 Rab8 30. h4 h6 31. Rh1 h5 32. Kh3 Qb7 33. Rh2 Qxd5 34. cxd5
Kg8 35. Rhe2 1/2-1/2